Gyandoh and Griffiths' sourcebook of the constitutional law of Ghana / (Record no. 4106)
[ view plain ]
| 000 -LEADER | |
|---|---|
| fixed length control field | 01011cam a2200277 a 4500 |
| 001 - CONTROL NUMBER | |
| control field | 16519785 |
| 010 ## - LIBRARY OF CONGRESS CONTROL NUMBER | |
| LC control number | 2010305990 |
| 020 ## - INTERNATIONAL STANDARD BOOK NUMBER | |
| International Standard Book Number | 9789988848934 (v. 2., pt. 2) |
| 020 ## - INTERNATIONAL STANDARD BOOK NUMBER | |
| International Standard Book Number | 9988848935 (v. 2., pt. 2) |
| 042 ## - AUTHENTICATION CODE | |
| Authentication code | pcc |
| 043 ## - GEOGRAPHIC AREA CODE | |
| Geographic area code | f-gh--- |
| 050 00 - LIBRARY OF CONGRESS CALL NUMBER | |
| Classification number | KRX1750 |
| Item number | .So8 |
| 245 00 - TITLE STATEMENT | |
| Title | Gyandoh and Griffiths' sourcebook of the constitutional law of Ghana / |
| Statement of responsibility, etc | edited by Kofi Kumado and S.O. Gyandoh Jr. |
| 246 30 - VARYING FORM OF TITLE | |
| Title proper/short title | Sourcebook of the constitutional law of Ghana |
| 246 30 - VARYING FORM OF TITLE | |
| Title proper/short title | Constitutional law of Ghana |
| 260 ## - PUBLICATION, DISTRIBUTION, ETC. (IMPRINT) | |
| Place of publication, distribution, etc | Accra : |
| Name of publisher, distributor, etc | Black Mask, |
| Date of publication, distribution, etc | 2009-2010. |
| 300 ## - PHYSICAL DESCRIPTION | |
| Extent | 2 v. in 5 ; |
| Dimensions | 26 cm. |
| 500 ## - GENERAL NOTE | |
| General note | Rev. ed. of : A Sourcebook of the constitutional law of Ghana / compiled by S. O. Gyandoh, Jnr., and J. Griffiths. 1972- |
| 650 #0 - SUBJECT ADDED ENTRY--TOPICAL TERM | |
| Topical term or geographic name as entry element | Constitutional law |
| 700 1# - ADDED ENTRY--PERSONAL NAME | |
| Personal name | Kumado, Kofi. |
| 700 1# - ADDED ENTRY--PERSONAL NAME | |
| Personal name | Gyandoh, Samuel O. |
| 730 0# - ADDED ENTRY--UNIFORM TITLE | |
| Uniform title | Sourcebook of the constitutional law of Ghana. |
| 942 ## - ADDED ENTRY ELEMENTS (KOHA) | |
| Item type | Books |
| 906 ## - LOCAL DATA ELEMENT F, LDF (RLIN) | |
| a | 7 |
| b | cbc |
| c | origode |
| d | 2 |
| e | ncip |
| f | 20 |
| g | y-gencatlg |
| Withdrawn status | Lost status | Source of classification or shelving scheme | Damaged status | Not for loan | Collection code | Home library | Current library | Shelving location | Date acquired | Serial Enumeration / chronology | Total Checkouts | Full call number | Barcode | Date last seen | Price effective from | Koha item type |
|---|---|---|---|---|---|---|---|---|---|---|---|---|---|---|---|---|
| Library of Congress Classification | Not For Loan | Reference | Methodist University Library Main | Methodist University Library Main | General Stacks | Purchased from Dansoman Book Shop | KRX1750 .S63 | 4836 | 20/08/2018 | 20/08/2018 | Books | |||||
| Library of Congress Classification | Not For Loan | Reference | Methodist University Library Main | Methodist University Library Main | General Stacks | Purchased from Dansoman Book Shop | KRX1750 .So8 | 4837 | 20/08/2018 | 20/08/2018 | Books | |||||
| Library of Congress Classification | Not For Loan | Reference | Methodist University Library Main | Methodist University Library Main | General Stacks | Purchased from Dansoman Book Shop | KRX1750 .So8 | 4838 | 20/08/2018 | 20/08/2018 | Books | |||||
| Library of Congress Classification | Not For Loan | Reference | Methodist University Library Main | Methodist University Library Main | General Stacks | Purchased from Dansoman Book Shop | KRX1750 .So8 | 4839 | 20/08/2018 | 20/08/2018 | Books |